Waste data update 2004 (Record no. 78197)

MARC details
000 -LEADER
fixed length control field 01131cab a2200205 4500
001 - CONTROL NUMBER
control field L136208
008 - FIXED-LENGTH DATA ELEMENTS--GENERAL INFORMATION
fixed length control field 070117n2007 000 0 eng u
035 ## - SYSTEM CONTROL NUMBER
System control number (Sirsi) u136208
041 0# - LANGUAGE CODE
Language code of text/sound track or separate title eng
050 04 - LIBRARY OF CONGRESS CALL NUMBER
Classification number 614.76 $2 18
110 1# - MAIN ENTRY--CORPORATE NAME
Corporate name or jurisdiction name as entry element England and Wales
Subordinate unit Environment Agency
9 (RLIN) 2469
245 00 - TITLE STATEMENT
Title Waste data update 2004
Medium [electronic resource]
260 ## - PUBLICATION, DISTRIBUTION, ETC.
Place of publication, distribution, etc. Briston
Name of publisher, distributor, etc. Environment Agency
Date of publication, distribution, etc. 2007
520 ## - SUMMARY, ETC.
Summary, etc. Report on waste management issues. Finds that landfill has fallen slowly but steadily and was down 9% since 2001. Includes information on waste management facilities permitted by the Environment Agency, deposits of waste at waste management facilities licensed or permitted by the Environment Agency in 2004-5, waste management capacity on 31 March 2005 and hazardous waste information - England and Wales 2004.
590 ## - LOCAL NOTE (RLIN)
Local note KA
651 #4 - SUBJECT ADDED ENTRY--GEOGRAPHIC NAME
Geographic name England and Wales
Chronological subdivision 1543-
690 ## - LOCAL SUBJECT ADDED ENTRY--TOPICAL TERM (OCLC, RLIN)
Topical term or geographic name as entry element ENVIRONMENTAL AND LAND CONSULTANCY-WASTE MANAGEMENT
856 40 - ELECTRONIC LOCATION AND ACCESS
Uniform Resource Identifier <a href="https://www.environment-agency.gov.uk/subjects/waste/1031954/315439/1434288/?lang=_e">https://www.environment-agency.gov.uk/subjects/waste/1031954/315439/1434288/?lang=_e</a>
Public note View the report free of charge online at www.environment-agency.gov.uk...
942 ## - ADDED ENTRY ELEMENTS (KOHA)
Suppress in OPAC 0
Holdings
Withdrawn status Lost status Source of classification or shelving scheme Damaged status Not for loan Home library Current library Shelving location Date acquired Total Checkouts Full call number Barcode Date last seen Copy number Price effective from Koha item type
    Dewey Decimal Classification     Virtual Virtual Online 17/01/2007   ONLINE PUBLICATION 136208-1001 06/08/2019 1 06/08/2019 Journal article